Flavours of Skittles - Tile Select - Statistics

General Stats
  • This quiz has been taken 38 times
  • The average score is 22 of 45
Answer Stats
Question Tile Select % Correct
Original (U.S., 2021-Present) Lemon Yes
91%
Original (U.S., 2021-Present) Orange Yes
88%
Original (U.S., 2021-Present) Pineapple No
88%
Original (U.S., 2021-Present) Lime Yes
82%
Original (U.S., 2021-Present) Peach No
82%
Original (U.S., 2021-Present) Blueberry No
74%
Original (U.S., 2021-Present) Grape Yes
74%
Wild Berry (U.S.) Banana No
71%
Original (U.S., 2021-Present) Strawberry Yes
71%
Wild Berry (U.S.) Wild Cherry Yes
71%
Tropical (Europe & Australia) Passion Fruit Yes
65%
Wild Berry (U.S.) Raspberry Yes
65%
Wild Berry (U.S.) Boysenberry No
62%
Carnival Cotton Candy Yes
59%
Shriekers Ghoulish Green Apple Yes
59%
Carnival Marshmellow No
59%
Carnival Candy Apple Yes
56%
Tropical (Europe & Australia) Coconut No
56%
Tropical (Europe & Australia) Pineapple Yes
56%
Shriekers Sanguine Kiwi No
56%
Original (U.S., 2021-Present) Cherry No
53%
Wild Berry (U.S.) Strawberry Yes
53%
Wild Berry (U.S.) Berry Punch Yes
50%
Tropical (Europe & Australia) Banana No
44%
Carnival Bubble Gum Yes
44%
Carnival Funnel Cake No
41%
Shriekers Haunted Pineapple No
41%
Wild Berry (U.S.) Melon Berry Yes
41%
Shriekers Citrus Scream Yes
38%
Shriekers Shocking Lime Yes
38%
Shriekers Spine-tingling Tangerine Yes
38%
Tropical (Europe & Australia) Watermelon Yes
38%
Shriekers Rattled Raspberry Yes
35%
Carnival Cola No
32%
Tropical (Europe & Australia) Fruit Punch Yes
32%
Shriekers Screamberry No
32%
Wild Berry (U.S.) Blackberry No
29%
Carnival Green Slushy Yes
29%
Carnival Sweet Popcorn No
29%
Wild Berry (U.S.) Tropical Berry No
29%
Tropical (Europe & Australia) Kiwi No
26%
Carnival Liqourice Yes
26%
Shriekers Graveyard Grape No
21%
Tropical (Europe & Australia) Orange Yes
15%
Tropical (Europe & Australia) Mango No
6%
No matching quizzes found
Score Distribution
Percent of People with Each Score
Percentile by Number Answered
Your Score History
You have not taken this quiz